PC intern system programming : the encyclopedia of DOS programming know how

Αποθηκεύτηκε σε:
Λεπτομέρειες βιβλιογραφικής εγγραφής
Κύριος συγγραφέας: Tischer, Michael 1953-
Μορφή: Βιβλίο
Γλώσσα:English
Δημοσίευση: Grand Rapids : Abacus, c1992
Σειρά:Developer's series
Θέματα:
Ετικέτες: Προσθήκη ετικέτας
Δεν υπάρχουν, Καταχωρήστε ετικέτα πρώτοι!

MARC

LEADER 00000pam a2200000 i 4500
001 1/2133
008 950809s1992 eng d
020 |a 1-55755-145-6 
035 |l 10014710 
040 |a GR-MY-UA  |b gre  |e aacr 
041 0 |a eng 
082 0 |a 004.165 
100 1 |a Tischer, Michael  |d 1953- 
245 1 0 |a PC intern system programming :  |b the encyclopedia of DOS programming know how /  |c Michael Tischer 
260 |a Grand Rapids :   |b Abacus,   |c c1992 
300 |a xii, 1320 p.;  |b ill.;  |c 24 cm. +  |e 1 computer disk (3 1/2 in.) 
490 1 |a Developer's series 
500 |a System requirements for computer disk: IBM-compatible PC; DOS; hard drive with 2.5MB free space. Some programs require QuickBASIC 4.5, Turbo C++ or Microsoft C 6.0, or Turbo Pascal 6.0 
500 |a Includes index 
650 0 0 |a Microcomputers. 
830 0 |a Developer's series 
852 |a INST  |b LESVOS  |e 19950809  |h 004.165 PCI  |p 005100007476  |q 005100007476  |t BK  |y 0 
852 |a INST  |b LESVOS  |e 20000802  |h 004.165 PCI   |p 005100025587  |q 005100025587  |t BK  |y 0 
909 |a Λ  |b 027490 
909 |a Λ  |b 080805